00788nam a2200229 a 45000010005000000030008000050050017000130080041000300350018000710400035000890410008001240820016001321000057001482450107002052600054003123000023003664900016003895040038004056510069004437000030005128300016005424530BD-RjUL20211208233916.0 r19511949nyu 001 0 eng d a(BD-RjUL)4565 aBD-RjULbengcBD-RjULdBD-RjUL aeng 2342.73bBIG1 aBinkley, Wilfred E.q(Wilfred Ellsworth),d1883-196512aA grammar of American politics :bthe national government /cby Wilfred E. Binkley and Malcolm C. Moos aNew York :bAlfred A. Knopf,cc1949[printing1951] ax, 760 p. ;c25 cm1 aBorzoi book aIncludes bibliographie and index. 0aUnited StatesxPolitics and governmentvHandbooks, manuals, etc.1 aMoos, Malcolm,d1916-1982 0aBorzoi book